On tracking and individual differences : a conversation with Jeannine Oakes (Record no. 73712)

MARC details
000 -CABECERA
campo de control de longitud fija 00513nam a2200181 a 4500
005 - FECHA Y HORA DE LA ÚLTIMA TRANSACCIÓN
campo de control 20210219153316.0
008 - ELEMENTOS DE LONGITUD FIJA--INFORMACIÓN GENERAL
campo de control de longitud fija 991125n 000 0 u
035 ## - NÚMERO DE CONTROL DEL SISTEMA
Número de control de sistema UPN01000090706
100 1# - ASIENTO PRINCIPAL--NOMBRE PERSONAL
Nombre de persona O'Neil, John
222 ## - TÍTULO CLAVE
Título clave EDUCATIONAL LEADERSHIP
245 ## - MENCIÓN DE TÍTULO
Título On tracking and individual differences : a conversation with Jeannine Oakes
300 ## - DESCRIPCIÓN FÍSICA
Extensión 18-21
362 0# - FECHAS DE PUBLICACIÓN Y/O DESIGNACIÓN SECUENCIAL
Fecha de publicación y/o designación secuencial 1992 Vol. 50, no. 2
653 0# - TERMINO DE INDIZACION - NO CONTROLADO
Término no controlado DIFERENCIAS INDIVIDUALES
653 0# - TERMINO DE INDIZACION - NO CONTROLADO
Término no controlado SISTEMA EDUCATIVO
904 ## - ELEMENTOS DE DATOS D LOCAL, LDD (RLIN)
a AC
b 028517
905 ## - TIPO DE MATERIAL
Tipo de material Articulo

No items available.